00266nam a2200097Ia 4500008004100000040002900041050002200070100001700092245002600109260003300135221216s9999||||xx |||||||||||||| ||und|| cChuka University Library aBF 95 b.H67 1995 aHothersall D 0aHistory of psychology aMCGraw-HillbNew Dellic1995